| Tag |
First Indicator |
Second Indicator |
Subfields |
| LEADER |
00000cam a2200000 a 4500 |
| 001 |
in00002330613 |
| 005 |
20151108045905.0 |
| 008 |
980810s1998 fr a b 001 0 fre |
| 010 |
|
|
|a 98181611
|
| 019 |
|
|
|a 39355316
|
| 020 |
|
|
|a 2765407088
|
| 020 |
|
|
|a 9782765407089
|
| 029 |
1 |
|
|a TZT
|b JTL00016350
|
| 029 |
1 |
|
|a NLGGC
|b 171368932
|
| 029 |
1 |
|
|a NZ1
|b 4911748
|
| 035 |
|
|
|a (OCoLC)ocm40510606
|
| 035 |
|
|
|a (OCoLC)40510606
|z (OCoLC)39355316
|
| 040 |
|
|
|a DLC
|c DLC
|d TZT
|d B2Q
|d OCLCQ
|d NLGGC
|d UtOrBLW
|
| 043 |
|
|
|a e-fr---
|
| 049 |
|
|
|a TXAM
|
| 050 |
0 |
0 |
|a Z305.E27
|b E23 1998
|
| 072 |
|
7 |
|a Z
|2 lcco
|
| 082 |
0 |
0 |
|a 070.5/0944
|2 21
|
| 084 |
|
|
|a 06.21
|2 bcl
|
| 245 |
0 |
2 |
|a L'édition française depuis 1945 /
|c sous la direction de Pascal Fouché.
|
| 246 |
3 |
0 |
|a Edition française
|
| 264 |
|
1 |
|a [Paris] :
|b Editions du Cercle de la librairie,
|c [1998]
|
| 264 |
|
4 |
|c ©1998
|
| 300 |
|
|
|a 933 pages :
|b illustrations (some color) ;
|c 31 cm.
|
| 336 |
|
|
|a text
|b txt
|2 rdacontent
|
| 337 |
|
|
|a unmediated
|b n
|2 rdamedia
|
| 338 |
|
|
|a volume
|b nc
|2 rdacarrier
|
| 504 |
|
|
|a Includes bibliographical references (pages [851]-866) and index.
|
| 650 |
|
0 |
|a Publishers and publishing
|z France
|x History
|y 20th century.
|
| 650 |
|
6 |
|a Édition
|z France
|x Histoire
|y 20e siècle.
|
| 650 |
|
7 |
|a Edition
|z France
|x Histoire
|y 1945-
|2 ram
|
| 650 |
|
7 |
|a Editeurs français
|x Histoire
|y 1945-
|2 ram
|
| 650 |
|
7 |
|a Industries graphiques
|z France
|x Histoire
|y 1945-
|2 ram
|
| 650 |
|
7 |
|a Livres
|x Industrie et commerce
|x Politique gouvernementale
|z France.
|2 ram
|
| 650 |
|
7 |
|a Edition électronique
|z France.
|2 ram
|
| 650 |
|
7 |
|a Censure
|z France
|x Histoire
|y 1945-
|2 ram
|
| 651 |
|
6 |
|a France
|x Imprimés
|x Histoire
|y 20e siècle.
|
| 651 |
|
7 |
|a France
|x Vie intellectuelle
|y 1945-
|2 ram
|
| 651 |
|
7 |
|a France
|x Imprimés
|x Histoire
|y 1945-
|2 ram
|
| 653 |
|
|
|a History of Book Publishing
|a France
|a XXth Century
|
| 650 |
1 |
7 |
|a Franse boeken.
|2 gtt
|
| 700 |
1 |
|
|a Fouché, Pascal.
|
| 938 |
|
|
|a Jean Touzot Libraire Editeur
|b TOUZ
|n JTL00016350
|c 990 FRF
|
| 948 |
|
|
|a cataloged
|b h
|c 2007/11/9
|d c
|e ceaton
|f 12:36:16 pm
|
| 994 |
|
|
|a C0
|b TXA
|
| 999 |
|
|
|a MARS
|
| 999 |
f |
f |
|s 56caa88d-57c6-3cc4-b291-8a4b5d285035
|i 734e8a26-0703-3c01-b3ab-622d283092d4
|t 0
|
| 952 |
f |
f |
|p ric
|a Texas A&M University
|b Rellis Campus
|c Joint Library Facility
|d Remote Storage
|t 0
|e Z305.E27 E23 1998
|h Library of Congress classification
|i unmediated -- volume
|m A14836611789
|
| 998 |
f |
f |
|a Z305.E27 E23 1998
|t 0
|l Remote Storage
|